000 00612nam a2200181Ia 4500
008 090124s9999 xx 000 0 und d
082 _b18229
100 _aमतकरी रत्नाकर
245 _a मध्य़रात्रीचे पडघम
250 _a1
260 _bमीनल प्रकाशन
300 _a170
600 _aमतकरी रत्नाकर
630 _a मध्य़रात्रीचे पडघम
700 _aमतकरी रत्नाकर
730 _a मध्य़रात्रीचे पडघम
942 _cBOOK
999 _c89333
_d89333